Fumeurs d'opium. (Record no. 186350)

MARC details
000 -LEADER
campo de control de longitud fija 00871nam a2200241 i 4500
001 - NÚMERO DE CONTROL
campo de control 186350
003 - IDENTIFICADOR DE NÚMERO DE CONTROL
campo de control ES-MaACL
005 - FECHA Y HORA DE LA ÚLTIMA TRANSACCIÓN
campo de control 20251003063200.0
008 - DATOS DE LONGITUD FIJA--INFORMACIÓN GENERAL
campo de control de longitud fija 161026s1993 fr cf |||| |dfre d
020 ## - NÚMERO INTERNACIONAL ESTÁNDAR DEL LIBRO
Número Internacional Estándar del Libro 2-909052-20-6
080 ## - NÚMERO DE LA CLASIFICACIÓN DECIMAL UNIVERSAL
Número de la Clasificación Decimal Universal 821.133.1-32"18"
100 1# - ENTRADA PRINCIPAL--NOMBRE DE PERSONA
Nombre de persona Boissière, Jules,
Fechas asociadas al nombre 1863-1897
9 (RLIN) 161129
245 10 - MENCIÓN DEL TÍTULO
Título Fumeurs d'opium.
Nombre de parte o sección de la obra Comédiens ambulants
Resto del título : Les génies du mont Tân-Vien et autres nouvelles /
Mención de responsabilidad, etc. Jules Boissière.
246 10 - FORMA VARIANTE DEL TITULO
Título propio/Titulo breve Comédiens ambulants
260 ## - PUBLICACIÓN, DISTRIBUCIÓN, ETC.
Lugar de publicación, distribución, etc. Paris :
Nombre del editor, distribuidor, etc. Kailash,
Fecha de publicación, distribución, etc. [1993] (
Lugar de fabricación/manufactura India)
300 ## - DESCRIPCIÓN FÍSICA
Extensión 280 p., [14] h. de lám. ;
Dimensiones 23 cm.
490 1# - MENCIÓN DE SERIE
Mención de serie Bibliotheca asiatica
651 #4 - PUNTO DE ACCESO ADICIONAL DE MATERIA--NOMBRE GEOGRÁFICO
Nombre geográfico China-
Subdivisión general Situación social.
9 (RLIN) 8063
740 42 - ENTRADA AGREGADA--TÍTULO RELACIONADO/ANALÍTICO NO CONTROLADO
Título relacionado o analítico no controlado Les génies du mont Tân-Vien.
830 0# - PUNTO DE ACCESO ADICIONAL DE SERIE-TÍTULO UNIFORME
Título uniforme Bibliotheca asiatica
9 (RLIN) 225406
852 ## - LOCALIZACIÓN
Ubicación ES-MaACL
Número de control de estantería L-30710
Nota libre - enc. tela
-- . - Donat. Miguel A. Velasco
Holdings
Estatus retirado Estado de pérdida Estado de daño No para préstamo Biblioteca de origen Biblioteca actual Ubicación en estantería Fecha de adquisición Fuente de adquisición Total de préstamos Signatura topográfica completa Código de barras Visto por última vez Precio de reemplazo Tipo de ítem Koha
        Biblioteca del Ateneo de Madrid Biblioteca del Ateneo de Madrid Depósito 2 26/10/2016     L-30710 1196498 23/02/2023 23/02/2023 Libro impreso